00385nam a2200121Ia 4500008004100000245012400041260001700165260000900182300000800191650002300199650001200222856002900234170516s9999 xx 000 0 und d aLongitudinal PET Imaging of Muscular Inflammation Using 18F-DPA-714 and 18F-Alfatide II and Differentiation with Tumors bTheranostics c2014 a4:5 xMedical Technology xMedtech uhttp://www.thno.org/v4i5